000
00224 a2200097 4500
001
6176
100
_a
Dummer, G.W.A
245
_a
Electronic equipment design construction
260
_a
_b
McGraw-Hill
_c
090
_c
5064
_d
5064
942
_a
NUST-CAE
_c
M
_c
31450
999
_c
241249
_d
241249